Artificial Intelligence: A Modern Approach_4th Edition (Record no. 38046)

MARC details
000 -LEADER
fixed length control field 01520nam a22001697a 4500
020 ## - INTERNATIONAL STANDARD BOOK NUMBER
ISBN 978-9356063570
082 ## - DEWEY DECIMAL CLASSIFICATION NUMBER
Classification number 006.3 RUS
100 ## - MAIN ENTRY--AUTHOR NAME
Personal name Stuart Russell
100 ## - MAIN ENTRY--AUTHOR NAME
Personal name Peter Norvig
245 ## - TITLE STATEMENT
Title Artificial Intelligence: A Modern Approach_4th Edition
250 ## - EDITION STATEMENT
Edition statement 4
260 ## - PUBLICATION, DISTRIBUTION, ETC. (IMPRINT)
Name of publisher Pearson Education
Place of publication New Delhi
Year of publication 2025
520 ## - SUMMARY, ETC.
Summary, etc The long-anticipated revision of Artificial Intelligence: A Modern Approach explores the full breadth and depth of the field of artificial intelligence (AI). The 4th Edition brings readers up to date on the latest technologies, presents concepts in a more unified manner, and offers new or expanded coverage of machine learning, deep learning, transfer learning, multiagent systems, robotics, natural language processing, causality, probabilistic programming, privacy, fairness, and safe AI.<br/><br/>Features<br/><br/>Nontechnical learning material introduces major concepts using intuitive explanations, before going into mathematical or algorithmic details.<br/><br/>A unified approach to AI shows students how the various subfields of AI fit together to build actual, useful programs.<br/><br/>In-depth coverage of both basic and advanced topics provides students with a basic understanding of the frontiers of AI without compromising complexity and depth.<br/><br/>NEW - New chapters feature expanded coverage of probabilistic programming; multiagent decision making; deep learning; and deep learning for natural language processing.
650 ## - SUBJECT ADDED ENTRY--TOPICAL TERM
Topical Term CSE
942 ## - ADDED ENTRY ELEMENTS (KOHA)
Koha item type Text Book
952 ## - LOCATION AND ITEM INFORMATION (KOHA)
Damaged status
Not for loan
Holdings
Withdrawn status Collection code Permanent Location Current Location Shelving location Date acquired Source of acquisition Cost, normal purchase price Inventory number Full call number Accession Number Price effective from Koha item type
  Computer Science and Engineering VAST Central Library VAST Central Library S-11/REF-CS 14/11/2025 Minerva Books 1070.00 86 006.3 RUS 38152 01/12/2025 Reference Book